WINNING MANAGER 6 PRACTICES EVERY MANAGE (Record no. 26774)

MARC details
000 -LEADER
fixed length control field 00348nam a2200133Ia 4500
008 - FIXED-LENGTH DATA ELEMENTS--GENERAL INFORMATION
fixed length control field 240624s9999 xx 000 0 und d
041 ## - LANGUAGE CODE
Language code of text/sound track or separate title eng
082 ## - DEWEY DECIMAL CLASSIFICATION NUMBER
Classification number 658.4092 CIO
100 ## - MAIN ENTRY--PERSONAL NAME
Personal name CIOFFI JOHN
245 ## - TITLE STATEMENT
Title WINNING MANAGER 6 PRACTICES EVERY MANAGE
260 ## - PUBLICATION, DISTRIBUTION, ETC.
Date of publication, distribution, etc. 2014
Place of publication, distribution, etc. Mumbai
Name of publisher, distributor, etc. Jaico Publishing
300 ## - PHYSICAL DESCRIPTION
Extent 255 : p. : cm. ; 21
365 ## - TRADE PRICE
Currency code RS
Price amount 35
Holdings
Withdrawn status Lost status Damaged status Not for loan Home library Current library Shelving location Date acquired Source of acquisition Cost, normal purchase price Full call number Barcode Date last seen Copy number Price effective from Koha item type
        IMTN IMTN Rack 30-B 02/24/2016 WBD 299.00 658.4092 CIO 26774 06/24/2024 1 06/24/2024 Books
Designed & Maintained by: LRC IMT Nagpur Contact: lrc@imtnag.ac.in© 2024. All Rights Reserved.